| 000 | 00662nam a2200253Ia 4500 | ||
|---|---|---|---|
| 001 | 39801 | ||
| 005 | 20240114002108.0 | ||
| 007 | ta | ||
| 008 | 070911s1994 a g b000 u 491 u | ||
| 040 | _aCotton College Assam | ||
| 041 | _a491 | ||
| 082 |
_a891.23 _bSh 11 Av |
||
| 100 | _aShastri, Biswanarayan . | ||
| 245 | 0 |
_aAbinasi / _cBiswanarayan Shastri. _hTextual Documents |
|
| 250 | _a2nd ed. / | ||
| 260 |
_aGuwahati : _bManjushree Prakashan , _c1994. |
||
| 300 |
_a189p. : _bill ; _c22cm . |
||
| 653 | _aSanskrit Drama | ||
| 653 | _aMS-Sanskrit | ||
| 942 |
_2ddc _cBK |
||
| 999 |
_c39773 _d39773 |
||